[Event "IECC CL2-2008.10 email"]
[Site "IECC email"]
[Date "2008.08.19"]
[Round "?"]
[White "Trani, Luis Sosa"]
[Black "Louro, Eugenio Diogo"]
[Result "0-1"]
[WhiteElo "2070"]
[BlackElo "2112"]
[PlyCount "30"]
[EventDate "2008.??.??"]
[EventType "tourn (corr)"]
[EventRounds "4"]
[SourceTitle "Corr 2013"]
[Source "ChessBase"]
[SourceDate "2012.11.12"]
[SourceVersion "1"]
[SourceVersionDate "2012.11.12"]
[SourceQuality "1"]
[WhiteTeam "Puerto Rico"]
[BlackTeam "Portugal"]
[WhiteTeamCountry "PUR"]
[BlackTeamCountry "POR"]

1. e4 c6 2. d4 d5 3. f3 e6 4. Nc3 Nd7 5. Be3 Bb4 6. Bd3 Ne7 7. Nge2 c5 8. exd5 Nxd5 9. Bd2 Nxc3 10. bxc3 Ba5 11. 0-0 0-0 12. Rb1 Re8 13. Be3 Qc7 14. Bf4 e5 15. Bg3 Bb6 0-1